| 000 | 00689nam a2200193 i 4500 | ||
|---|---|---|---|
| 001 | 33466 | ||
| 003 | ES-MaACL | ||
| 005 | 20230906154749.0 | ||
| 007 | t| | ||
| 008 | 030202s1981 sp ||||1| spa d | ||
| 245 | 0 | 0 |
_aBiología y fisiología celular / _cAndré Berkaloff... [et al.] ; [traducido por Juan Serratosa]. |
| 260 |
_aBarcelona : _bOmega, _c[1981] |
||
| 300 |
_a2 v. : _bil. ; _c26 cm. |
||
| 505 | 8 | _aContiene: V. I: Membrana plasmática. -- V. II: Aparato de Golgi, lisosomas, mitocandrios, células y virus. | |
| 650 | 4 |
_aAparato de Golgi. _9159192 |
|
| 700 | 1 |
_aBerkaloff, André. _928041 |
|
| 700 | 1 |
_aSerratosa, Juan. _9105825 |
|
| 852 |
_aES-MaACL _jL-3269-70 _bR.104157 |
||
| 999 |
_c33466 _d33466 |
||